| 000 | 00000nam##2200000za#4500 |
| 001 | 9.601734 |
| 003 | CaOODSP |
| 005 | 20210624210220 |
| 007 | cr ||||||||||| |
| 008 | 150406|2007||||xxc|||||o f|0| 0 fre|d |
| 022 | |a1919-3815 |
| 040 | |aCaOODSP|bfre |
| 043 | |an-cn--- |
| 086 | 1 |aFs70-7/2007-009F-PDF |
| 110 | 1 |aCanada. |bMinistère des pêches et des océans. |bRégion des Maritimes. |
| 245 | 10|aExamen du site aquacole de Port Mouton |h[ressource électronique] |
| 246 | 17|aRégion des Maritimes : interactions de sites aquacoles à Port Mouton |
| 260 | |aDartmouth - Nouvelle-Écosse : |bPêches et Océans Canada. |cSeptembre 2007. |
| 300 | |a6p.|bréférences |
| 490 | 1 |aSecrétariat canadien de consultation scientifique - réponse des sciences |x1919-3815|v2007/009, Région des Maritimes |
| 590 | |a11-22-Supp|b2011-10-13 |
| 775 | 08|tPort Mouton aquaculture site review |w(CaOODSP)9.571090 |
| 830 | #0|aRéponse des sciences (Secrétariat canadien de consultation scientifique)|x1919-3815|v2007/009, Région des Maritimes|w(CaOODSP)9.502630 |
| 856 | 40|ahttp://publications.gc.ca|qPDF|s44 Ko|uhttps://publications.gc.ca/collections/collection_2011/mpo-dfo/Fs70-7-2007-009-fra.pdf|y2007/009, Région des Maritimes |